00581nam a2200157 i 4500001000700000003000900007007000300016008004100019100002600060245009000086260004000176300003700216852003100253999001900284952012000303100484ES-MaACLt|050928s1916 fr ||||1| fre d1 aMassart, Jean.97879810aComment les belges résistent á la dominatión allemande... / cpar Jean Massart. aLausanne (Suiza) : bPayot, c1916. aXVI, 473 p., 8 lám. ; c24 cm. aES-MaACLjC-5878 bR.33185 c100484d100484 00104070aATENEOMbATENEOMcSPALd2008-01-17eSCl0oC-5878p1104916r2023-02-23 00:00:00w2023-02-23yMONOGRAFIA